Laminated Wood Parquet Utilizing Wood Chip (Record no. 85942)

MARC details
000 -LEADER
fixed length control field 03791nam a22002777a 4500
003 - CONTROL NUMBER IDENTIFIER
control field URS
005 - DATE AND TIME OF LATEST TRANSACTION
control field 20251021102748.0
008 - FIXED-LENGTH DATA ELEMENTS--GENERAL INFORMATION
fixed length control field 250908b ||||| |||| 00| 0 eng d
040 ## - CATALOGING SOURCE
Transcribing agency URS
043 ## - GEOGRAPHIC AREA CODE
Geographic area code URS
245 ## - TITLE STATEMENT
Title Laminated Wood Parquet Utilizing Wood Chip
Remainder of title / Bonavente, Jephony L.... [et al.].
260 ## - PUBLICATION, DISTRIBUTION, ETC.
Date of publication, distribution, etc. May 2024
300 ## - PHYSICAL DESCRIPTION
Extent 114 leaves :
Other physical details illustrations ;
Dimensions 28 cm.
336 ## - CONTENT TYPE
Source rdacontent
Content type term text
337 ## - MEDIA TYPE
Source rdamedia
Media type term unmediated
338 ## - CARRIER TYPE
Source rdacarrier
Carrier type term volume
502 ## - DISSERTATION NOTE
Dissertation note Thesis
Degree type Bachelor of Technology Major in Civil Technology
Name of granting institution University of Rizal System-Morong
Year degree granted 2024
520 ## - SUMMARY, ETC.
Summary, etc. EXECUTIVE SUMMARY: This study aimed to develop Laminated Wood Parquet Utilizing Wood Chip. This study sought to design and construct a Laminated Wood Parquet Utilizing Wood Chip out of locally available materials, performed try-out and revisions, evaluate the level of performance in terms of flexural test. impact/compact test, and water absorption test, determine the level of acceptability of developed Laminated Wood Parquet Utilizing Wood Chip and existing Alternative Floor Parquet and Wall Tiles Utilizing Coconut Shells in terms of appearance, usefulness, economical aspect, environmental aspect, and safety and maintainability, and determine the significant difference between the level of acceptability of developed and existing output in terms of above-mentioned variables. This study was conducted at the University of Rizal System Morong, Rizal during the A.Y. 2023-2024. Five respondent groups were chosen: two (2) Architects, two (2) Civil Engineers, one (1) Civil Engineering Student, five (5) Civil Technology Experts, and twenty (20) Civil Technology students using purposive sampling technique. The researchers used descriptive, developmental, and experimental methods of research to develop laminated Wood Parquet Utilizing Wood Chip. The researchers used a researcher-made questionnaire checklist as the instrument that would be used as the main tool for gathering data for the study to determine the level of acceptability of Laminated Wood Parquet Utilizing Wood Chip. In terms of designing and construction the Laminated Wood Parquet Utilizing Wood Chip, the materials needed can be acquired locally in hardware stores. The try out and revisions of Laminated Wood Parquet Utilizing Wood Chip Initials trial revealed defects related to product thickness, and stickiness of the binder. Researchers promptly addressed these issues to improve the products quality. On the level of performance in terms of flexural, Impact/compact and water absorption test, the project received a verbal interpretation of β€œVery Satisfactory.” On the level of acceptability of developed Laminated Wood Parquet Utilizing Wood Chip and existing Alternative Floor Parquet and Wall Tiles Utilizing Coconut Shells, the project was both extremely acceptable, extremely useful, extremely economical, extremely environmentally friendly, extremely safe and maintainable. On the significant difference between the evaluations made by the respondents, there is no significant difference on the level of acceptability of developed Laminated Wood Parquet Utilizing Wood Chips and Alternative Floor Parquet and Wall Tiles Utilizing Coconut Shells Alternative Floor Parquet and Wall Tiles Utilizing Coconut Shells in terms of appearance, usefulness, economical aspect, environmental aspect, and safety and maintainability.
700 ## - ADDED ENTRY--PERSONAL NAME
Personal name Bonavente, Jephony L.
Relator term author
700 ## - ADDED ENTRY--PERSONAL NAME
Personal name Dela Cruz, Regine R.
Relator term author
700 ## - ADDED ENTRY--PERSONAL NAME
Personal name Grepalda, Cassandra Mae E.
Relator term author
700 ## - ADDED ENTRY--PERSONAL NAME
Personal name Javier, Princess Shaina C.
Relator term author
700 ## - ADDED ENTRY--PERSONAL NAME
Personal name Pegos, Antonio E.
Relator term degree supervisor
856 ## - ELECTRONIC LOCATION AND ACCESS
Materials specified Online Request for Student Unpublished Works
Uniform Resource Identifier <a href="https://forms.gle/7LqvGGkaDrUQqz429">https://forms.gle/7LqvGGkaDrUQqz429</a>
942 ## - ADDED ENTRY ELEMENTS (KOHA)
Source of classification or shelving scheme Library of Congress Classification
Koha item type Theses and dissertations
Holdings
Withdrawn status Source of classification or shelving scheme Damaged status Not for loan Collection code Home library Current library Date acquired Total Checkouts Barcode Date last seen Price effective from Koha item type
  Library of Congress Classification     Reference Morong College Library Morong College Library 09/08/2025   URSMOR-CL-6860 09/08/2025 09/08/2025 Theses and dissertations

University of Rizal System
Email us at univlibservices@urs.edu.ph

Visit our Website www.urs.edu.ph/library